000
00222nam a22000857a 4500
008
160915b xxu||||| |||| 00| 0 eng d
100
_9
516
_a
Gupta.R.G.
245
_a
Mathematics Lab-8
260
_a
New Delhi
_b
A.I Publications
_c
2008
999
_c
3173
_d
3173